Shaping the world economy : Suggestions for an international economic policy

Na minha lista:
Detalhes bibliográficos
Autor principal: Tinbergen, Jan
Formato: Livro
Idioma:Undetermined
Publicado em: New York Twentieth Century Fund 1962
Assuntos:
Tags: Adicionar Tag
Sem tags, seja o primeiro a adicionar uma tag!
Thư viện lưu trữ: Trung tâm Học liệu Trường Đại học Cần Thơ
LEADER 00571nam a2200193Ia 4500
001 CTU_81387
008 210402s9999 xx 000 0 und d
082 |a 338.91 
082 |b T587 
100 |a Tinbergen, Jan 
245 0 |a Shaping the world economy : 
245 0 |b Suggestions for an international economic policy 
245 0 |c Jan Tinbergen 
260 |a New York 
260 |b Twentieth Century Fund 
260 |c 1962 
650 |a Developing countries,Economic development 
904 |i Trọng Hải 
980 |a Trung tâm Học liệu Trường Đại học Cần Thơ